[Event "BL2 Ost 1718 (Women)"]
[Site "Germany"]
[Date "2017.12.17"]
[Round "3.6"]
[White "Puehrer, Anne"]
[Black "Klemke, Kassandra"]
[Result "1/2-1/2"]
[WhiteElo "1687"]
[BlackElo "1371"]
[PlyCount "55"]
[EventDate "2017.10.14"]
[EventType "team-tourn"]
[EventRounds "7"]
[EventCountry "GER"]
[SourceTitle "EXT 2019"]
[Source "ChessBase"]
[SourceDate "2018.10.10"]
[SourceVersion "1"]
[SourceVersionDate "2018.10.10"]
[SourceQuality "1"]
[WhiteTeam "Coswig TuS (W)"]
[BlackTeam "Dresden USV TU (W)"]
[WhiteTeamCountry "GER"]
[BlackTeamCountry "GER"]

1. e4 c5 2. Nf3 d6 3. d4 cxd4 4. Nxd4 Nf6 5. Nc3 a6 6. Bg5 Nbd7 7. f4 e6 8. Qf3 Be7 9. h3 Qc7 10. 0-0-0 b5 11. Bd3 Bb7 12. Rhe1 b4 13. Nb1 Qa5 14. Bc4 Rc8 15. Nd2 Nc5 16. N4b3 Qxa2 17. Nxc5 Qa1+ 18. Nb1 Rxc5 19. Bd3 a5 20. Qe2 Nd7 21. Bxe7 Kxe7 22. f5 e5 23. Bc4 Rhc8 24. Qd3 Rxc4 25. Qxd6+ Ke8 26. Qxd7+ Kf8 27. Qd6+ Ke8 28. Qd7+ 1/2-1/2

[Event "BL2 Ost 1617 (Women)"]
[Site "Germany"]
[Date "2017.01.22"]
[Round "4.4"]
[White "Bade, Heidrun"]
[Black "Puehrer, Anne"]
[Result "1-0"]
[WhiteElo "1796"]
[BlackElo "1700"]
[PlyCount "69"]
[EventDate "2016.10.22"]
[EventType "team-tourn"]
[EventRounds "7"]
[EventCountry "GER"]
[SourceTitle "EXT 2018"]
[Source "ChessBase"]
[SourceDate "2017.10.13"]
[SourceVersion "1"]
[SourceVersionDate "2017.10.13"]
[SourceQuality "1"]
[WhiteTeam "Potsdam USV (W)"]
[BlackTeam "Coswig (W)"]
[WhiteTeamCountry "GER"]
[BlackTeamCountry "GER"]

1. e4 c5 2. Nf3 d6 3. d4 cxd4 4. Nxd4 Nf6 5. Nc3 a6 6. a4 e6 7. Bc4 Qc7 8. Bb3 Nc6 9. h3 Be7 10. Be3 Na5 11. Qe2 Nxb3 12. Nxb3 0-0 13. 0-0 Rd8 14. Bg5 b6 15. Rfd1 Bb7 16. Rd3 Rd7 17. Rg3 g6 18. Bf4 Kh8 19. e5 Nh5 20. Rg4 Nxf4 21. Rxf4 Bg5 22. Rc4 Qd8 23. exd6 Rxd6 24. Rd1 Rxd1+ 25. Nxd1 Qd5 26. f3 Bf6 27. Rc7 Kg8 28. Ne3 Qd6 29. Rxb7 Qc6 30. Ng4 Bxb2 31. Nh6+ Kh8 32. Nxf7+ Kg8 33. Nh6+ Kh8 34. Qe4 Qd6 35. Nf7+ 1-0

[Event "BL2 Ost 1617 (Women)"]
[Site "Germany"]
[Date "2016.10.23"]
[Round "2.4"]
[White "Weimert, Miriam"]
[Black "Puehrer, Anne"]
[Result "1-0"]
[WhiteElo "1744"]
[BlackElo "1700"]
[PlyCount "55"]
[EventDate "2016.10.22"]
[EventType "team-tourn"]
[EventRounds "7"]
[EventCountry "GER"]
[SourceTitle "EXT 2018"]
[Source "ChessBase"]
[SourceDate "2017.10.13"]
[SourceVersion "1"]
[SourceVersionDate "2017.10.13"]
[SourceQuality "1"]
[WhiteTeam "Leipzig Lindenau (W)"]
[BlackTeam "Coswig (W)"]
[WhiteTeamCountry "GER"]
[BlackTeamCountry "GER"]

1. e4 c5 2. d4 cxd4 3. c3 dxc3 4. Nxc3 Nc6 5. Bc4 a6 6. Nf3 d6 7. 0-0 e6 8. Qe2 Qc7 9. Bf4 Nge7 10. Rfd1 Ng6 11. Bg3 Nge5 12. Nxe5 dxe5 13. Rac1 Be7 14. a4 0-0 15. Ba2 Qb8 16. Qh5 b6 17. Ne2 Bb7 18. f4 Bc5+ 19. Kh1 Be3 20. Rc3 exf4 21. Rxe3 fxg3 22. Rxg3 Qe5 23. Qg4 Rfd8 24. Rf1 g6 25. Rgf3 Qxb2 26. Rxf7 Qxa2 27. Qh4 h5 28. Qg5 1-0

[Event "GER-chT U20 Girls"]
[Site "Osnabrueck"]
[Date "2013.12.28"]
[Round "3.3"]
[White "Huette, Sarah"]
[Black "Puehrer, Anne"]
[Result "1/2-1/2"]
[WhiteElo "1305"]
[BlackElo "1680"]
[PlyCount "51"]
[EventDate "2013.12.27"]
[EventType "team-swiss"]
[EventRounds "7"]
[EventCountry "GER"]
[SourceTitle "EXT 2015"]
[Source "ChessBase"]
[SourceDate "2014.11.20"]
[SourceVersion "1"]
[SourceVersionDate "2014.11.20"]
[SourceQuality "1"]
[WhiteTeam "Welper SV"]
[BlackTeam "Chemnitz II"]
[WhiteTeamCountry "GER"]
[BlackTeamCountry "GER"]

1. d4 d5 2. Nc3 Nf6 3. Bg5 Nbd7 4. f3 c6 5. e4 dxe4 6. fxe4 Qa5 7. e5 Nd5 8. Bd2 Qb6 9. Nxd5 cxd5 10. Bc3 e6 11. Nf3 Be7 12. Bd3 0-0 13. 0-0 f6 14. Qe2 fxe5 15. Nxe5 Bf6 16. Qh5 g6 17. Nxg6 Bxd4+ 18. Bxd4 Qxd4+ 19. Kh1 hxg6 20. Qxg6+ Qg7 21. Qxe6+ Kh8 22. Rxf8+ Nxf8 23. Qxd5 Be6 24. Qh5+ Kg8 25. Rf1 Rd8 26. Rf3 1/2-1/2

[Event "Sachsen-ch U18 Girls"]
[Site "Sebnitz"]
[Date "2013.04.04"]
[Round "2"]
[White "Puehrer, Anne"]
[Black "Halas, Julia"]
[Result "0-1"]
[WhiteElo "1481"]
[BlackElo "1492"]
[PlyCount "114"]
[EventDate "2013.04.02"]
[EventType "tourn"]
[EventRounds "6"]
[EventCountry "GER"]
[SourceTitle "EXT 2014"]
[Source "ChessBase"]
[SourceDate "2013.11.20"]
[SourceVersion "1"]
[SourceVersionDate "2013.11.20"]
[SourceQuality "1"]

1. e4 e6 2. d4 d5 3. Nd2 Nf6 4. e5 Nfd7 5. Bd3 c5 6. c3 Nc6 7. Ne2 cxd4 8. cxd4 f6 9. exf6 Nxf6 10. Nf3 Bd6 11. 0-0 0-0 12. Bf4 Bxf4 13. Nxf4 Ng4 14. Nh3 Qd6 15. Bxh7+ Kh8 16. g3 e5 17. dxe5 Ncxe5 18. Nfg5 Nf6 19. Bc2 Bxh3 20. Nxh3 Nfg4 21. f4 Qh6 22. fxe5 Qxh3 23. Qd2 Nxe5 24. Qxd5 Ng4 25. Rxf8+ Rxf8 26. Qd2 Nxh2 27. Qxh2 Qxh2+ 28. Kxh2 Rf2+ 29. Kh3 Rxc2 30. b3 a5 31. Kg4 a4 32. Kf4 axb3 33. axb3 Rb2 34. Ra3 b5 35. Kg5 b4 36. Ra1 Rxb3 37. g4 Ra3 38. Rd1 b3 39. Kg6 Ra6+ 40. Kf5 Rb6 41. Rb1 b2 42. g5 g6+ 43. Ke4 Kg7 44. Kd3 Rb5 45. Kc3 Kf7 46. Rxb2 Rxb2 47. Kxb2 Ke6 48. Kb3 Kf5 49. Kc3 Kxg5 50. Kd2 Kf4 51. Ke2 Kg3 52. Ke1 g5 53. Kf1 Kf3 54. Kg1 g4 55. Kf1 g3 56. Kg1 g2 57. Kh2 Kf2 0-1

[Event "Sachsen-ch U18 Girls"]
[Site "Sebnitz"]
[Date "2013.04.02"]
[Round "1"]
[White "Halas, Julia"]
[Black "Puehrer, Anne"]
[Result "1-0"]
[WhiteElo "1492"]
[BlackElo "1481"]
[PlyCount "81"]
[EventDate "2013.04.02"]
[EventType "tourn"]
[EventRounds "6"]
[EventCountry "GER"]
[SourceTitle "EXT 2014"]
[Source "ChessBase"]
[SourceDate "2013.11.20"]
[SourceVersion "1"]
[SourceVersionDate "2013.11.20"]
[SourceQuality "1"]

1. d4 d5 2. c4 e6 3. Nc3 Nf6 4. Bg5 Be7 5. Nf3 0-0 6. e3 b6 7. cxd5 exd5 8. Bd3 Bb7 9. 0-0 Nbd7 10. Rc1 Rc8 11. Qe2 Re8 12. Nb5 a6 13. Nc3 b5 14. a4 b4 15. Na2 a5 16. Bf5 Ne4 17. Bxe7 Qxe7 18. Qb5 c6 19. Qxb7 Red8 20. Bxd7 Qxd7 21. Qxd7 Rxd7 22. Ne5 Rdc7 23. Rfd1 f6 24. Nd3 Kf7 25. Nc5 Nd6 26. b3 Ke7 27. Rc2 Nf7 28. Nc1 Kd6 29. N1d3 g5 30. Rdc1 Nd8 31. Ne1 h5 32. Nf3 Rh7 33. h4 Nf7 34. e4 Nd8 35. e5+ fxe5 36. dxe5+ Ke7 37. Nxg5 Rg7 38. Nd3 Kd7 39. Nc5+ Ke7 40. Re2 Rg6 41. f4 1-0

[Event "Sachsen-ch U18 Girls"]
[Site "Sebnitz"]
[Date "2013.04.02"]
[Round "1"]
[White "Spangenberg, Romy"]
[Black "Puehrer, Anne"]
[Result "1-0"]
[WhiteElo "1673"]
[BlackElo "1481"]
[PlyCount "77"]
[EventDate "2013.04.02"]
[EventType "tourn"]
[EventRounds "6"]
[EventCountry "GER"]
[SourceTitle "EXT 2014"]
[Source "ChessBase"]
[SourceDate "2013.11.20"]
[SourceVersion "1"]
[SourceVersionDate "2013.11.20"]
[SourceQuality "1"]

1. e4 c5 2. Nf3 d6 3. d4 cxd4 4. Nxd4 Nf6 5. Nc3 a6 6. Bg5 e6 7. Bc4 Be7 8. Be3 b5 9. Bd3 Bb7 10. f3 Nbd7 11. 0-0 0-0 12. a4 b4 13. Na2 d5 14. exd5 Nxd5 15. Bf2 Rc8 16. Ne2 Bf6 17. Rb1 Ne5 18. Be4 Qe7 19. c3 Rfd8 20. Qb3 a5 21. cxb4 axb4 22. Rfc1 Bg5 23. Rxc8 Rxc8 24. Qd1 Ne3 25. Qd4 Bxe4 26. Qxe4 N5c4 27. Be1 f5 28. Qd3 Qa7 29. Kh1 Qxa4 30. Nxb4 Rd8 31. Qc3 Bf6 32. b3 Qb5 33. bxc4 Bxc3 34. cxb5 Bxb4 35. Bxb4 Nc2 36. Ba5 Ra8 37. b6 Na3 38. b7 Rb8 39. Bc7 1-0

[Event "Sachsen-ch U16 Girls"]
[Site "Sebnitz"]
[Date "2011.04.30"]
[Round "6"]
[White "Puehrer, Anne"]
[Black "Loeser, Cynthia"]
[Result "1-0"]
[WhiteElo "1490"]
[BlackElo "1130"]
[PlyCount "61"]
[EventDate "2011.04.26"]
[EventType "swiss"]
[EventRounds "6"]
[EventCountry "GER"]
[SourceTitle "EXT 2012"]
[Source "ChessBase"]
[SourceDate "2011.11.24"]
[SourceVersion "1"]
[SourceVersionDate "2011.11.24"]
[SourceQuality "1"]

1. e4 d5 2. exd5 Qxd5 3. Nc3 Qa5 4. d4 g6 5. Nf3 Bg7 6. Bf4 c6 7. Ne5 Nd7 8. Nc4 Qf5 9. Bg3 Ngf6 10. Qe2 Qe6 11. 0-0-0 Qxe2 12. Bxe2 Nd5 13. Nxd5 cxd5 14. Ne5 Nf6 15. Bb5+ Bd7 16. Nxd7 Nxd7 17. Rhe1 a6 18. Ba4 b5 19. Bb3 e6 20. Bxd5 Rc8 21. Bb7 Rc4 22. Bxa6 Rxd4 23. Rxd4 Bxd4 24. Rd1 e5 25. c3 Bb6 26. Bxb5 Ke7 27. Rxd7+ Ke6 28. Rb7 Bc5 29. Bc4+ Kd6 30. Rxf7 h5 31. Rf6+ 1-0

[Event "Sachsen-ch U16 Girls"]
[Site "Sebnitz"]
[Date "2011.04.28"]
[Round "4"]
[White "Spangenberg, Romy"]
[Black "Puehrer, Anne"]
[Result "1-0"]
[WhiteElo "1622"]
[BlackElo "1490"]
[PlyCount "135"]
[EventDate "2011.04.26"]
[EventType "swiss"]
[EventRounds "6"]
[EventCountry "GER"]
[SourceTitle "EXT 2012"]
[Source "ChessBase"]
[SourceDate "2011.11.24"]
[SourceVersion "1"]
[SourceVersionDate "2011.11.24"]
[SourceQuality "1"]

1. e4 c5 2. Nf3 d6 3. d4 cxd4 4. Nxd4 Nf6 5. Nc3 a6 6. Bc4 e6 7. 0-0 Qc7 8. Bb3 Nc6 9. Nxc6 bxc6 10. Bf4 Be7 11. Re1 e5 12. Bg5 0-0 13. Qd2 Bb7 14. f4 exf4 15. Bxf4 Nd7 16. Rad1 Ne5 17. Kh1 Rad8 18. Qe2 Qc8 19. h3 Kh8 20. Qh5 Ng6 21. Bg5 Qc7 22. Bxe7 Qxe7 23. Rf1 Bc8 24. Qe2 f5 25. exf5 Qxe2 26. Nxe2 Rxf5 27. Rxf5 Bxf5 28. Nd4 Be4 29. Ne6 Re8 30. Ng5 d5 31. Nxe4 Rxe4 32. Kg1 Kg8 33. Kf2 Kf7 34. Re1 Rxe1 35. Kxe1 Kf6 36. Kf2 Ke5 37. c4 Kd4 38. cxd5 cxd5 39. Kf3 Ne5+ 40. Kf4 Nd3+ 41. Kf5 Nxb2 42. Ke6 Nc4 43. Kf7 Nd2 44. Bc2 Ke3 45. Kxg7 Ne4 46. Kxh7 Kd2 47. Bb3 d4 48. g4 Ng5+ 49. Kh6 Nxh3 50. g5 Nf4 51. g6 Nxg6 52. Kxg6 Kc3 53. Kf5 a5 54. Ke4 Kb4 55. Kxd4 a4 56. Bf7 a3 57. Bb3 Kb5 58. Kc3 Kc5 59. Bf7 Kb5 60. Kb3 Ka6 61. Kxa3 Ka5 62. Be8 Ka6 63. Kb4 Kb6 64. a4 Ka6 65. a5 Ka7 66. Kb5 Kb7 67. Bc6+ Ka7 68. Bf3 1-0

[Event "Sachsen-ch U14 Girls"]
[Site "Sebnitz"]
[Date "2009.04.14"]
[Round "1"]
[White "Puehrer, Anne"]
[Black "Moebius, Karola"]
[Result "1-0"]
[WhiteElo "1391"]
[BlackElo "1142"]
[PlyCount "51"]
[EventDate "2009.04.14"]
[EventType "swiss"]
[EventRounds "7"]
[EventCountry "GER"]
[SourceTitle "EXT 2010"]
[Source "ChessBase"]
[SourceDate "2010.11.25"]
[SourceVersion "1"]
[SourceVersionDate "2010.11.25"]
[SourceQuality "1"]

1. e4 e5 2. Nf3 Nc6 3. d4 exd4 4. Nxd4 Nf6 5. Nxc6 bxc6 6. Bd3 Bc5 7. 0-0 0-0 8. Nc3 Qe8 9. Bf4 Bd6 10. Bxd6 cxd6 11. Re1 Rb8 12. Rb1 Bb7 13. Re3 Qe5 14. Qf3 d5 15. exd5 Qd6 16. dxc6 Bxc6 17. Qg3 Qd4 18. Rd1 Qc5 19. Re5 Qb4 20. Rf5 Ne8 21. b3 d6 22. Rf4 Qc5 23. Rc4 Qa5 24. Rxc6 g6 25. Qf3 Ng7 26. Ne4 1-0

[Event "GER-chT Lands U20"]
[Site "Dresden"]
[Date "2008.11.14"]
[Round "2.8"]
[White "Weber, Sandra"]
[Black "Puehrer, Anne"]
[Result "0-1"]
[WhiteElo "1243"]
[BlackElo "1282"]
[PlyCount "142"]
[EventDate "2008.11.14"]
[EventType "team-swiss"]
[EventRounds "7"]
[EventCountry "GER"]
[SourceTitle "EXT 2010"]
[Source "ChessBase"]
[SourceDate "2010.11.25"]
[SourceVersion "1"]
[SourceVersionDate "2010.11.25"]
[SourceQuality "1"]
[WhiteTeam "Wuerttemberg"]
[BlackTeam "Sachsen"]
[WhiteTeamCountry "GER"]
[BlackTeamCountry "GER"]

1. d4 d5 2. c4 dxc4 3. e4 Nc6 4. Nf3 Bg4 5. Bxc4 e5 6. Be3 Bb4+ 7. Nc3 Nf6 8. a3 Bxc3+ 9. bxc3 Nxe4 10. h3 Bh5 11. Rc1 exd4 12. cxd4 0-0 13. 0-0 a6 14. g4 Bg6 15. Qb3 Na5 16. Qb4 Nxc4 17. Rxc4 b5 18. Rc6 Nf6 19. Rfc1 Be4 20. Ne5 Bxc6 21. Nxc6 Qd6 22. Qxd6 cxd6 23. Nb4 Rfc8 24. Ra1 Rc3 25. Kf1 a5 26. Bd2 Rxh3 27. Kg2 Rb3 28. Nc6 Nxg4 29. Ra2 a4 30. Bb4 d5 31. Ne7+ Kh8 32. Nxd5 Rd8 33. Rc2 h6 34. Nc7 Rxd4 35. Nxb5 Rdd3 36. Nc7 Nf6 37. Nb5 Nd5 38. Rc4 Nxb4 39. axb4 a3 40. Nxa3 Rxa3 41. b5 Rab3 42. Rc5 Rb4 43. Rf5 f6 44. Rc5 Rdb3 45. Rc8+ Kh7 46. Rc2 Rg4+ 47. Kf1 Rxb5 48. Ke2 Rg2 49. Kf1 Rbg5 50. Ke2 Rh2 51. Ke3 Rg3+ 52. Kf4 Rb3 53. Rd2 Rh4+ 54. Kf5 Rb5+ 55. Ke6 Re4+ 56. Kd6 Re8 57. Kc7 Re6 58. Kd7 Ra6 59. Kc7 h5 60. Rd1 h4 61. Rh1 g5 62. Rh3 f5 63. Rd3 g4 64. Rd7+ Kh6 65. Rd8 Kg5 66. Rg8+ Kf4 67. Rd8 h3 68. Rd1 h2 69. Rh1 Rh6 70. Kd7 Rb7+ 71. Ke8 Rh8# 0-1

[Event "GER-ch U12"]
[Site "Willingen"]
[Date "2008.05.16"]
[Round "10"]
[White "Puehrer, Anne"]
[Black "Rahimi, Anita"]
[Result "0-1"]
[WhiteElo "1369"]
[BlackElo "1172"]
[PlyCount "92"]
[EventDate "2008.05.11"]
[EventType "swiss"]
[EventRounds "11"]
[EventCountry "GER"]
[SourceTitle "CBM 124 Extra"]
[Source "ChessBase"]
[SourceDate "2008.07.03"]
[SourceVersion "1"]
[SourceVersionDate "2008.07.03"]
[SourceQuality "1"]

1. e4 c5 2. Nc3 d6 3. g3 e6 4. Bg2 Nc6 5. d3 Nf6 6. f4 Be7 7. Nf3 Bd7 8. 0-0 0-0 9. h3 Rc8 10. Be3 h6 11. Qd2 a6 12. Rae1 Qc7 13. Nd1 b5 14. c3 Rce8 15. Bf2 Nh7 16. d4 c4 17. Ne3 Qc8 18. g4 Nf6 19. Qc2 Qc7 20. e5 dxe5 21. dxe5 Nh7 22. h4 f6 23. Bg3 f5 24. g5 hxg5 25. hxg5 g6 26. Kf2 Qb6 27. Rh1 Bc5 28. b4 Bxe3+ 29. Rxe3 Rd8 30. Qc1 Rfe8 31. Rh6 Kg7 32. Nh4 Rg8 33. Rxg6+ Kh8 34. Rh6 Kg7 35. Rg6+ Kh8 36. Rxg8+ Kxg8 37. Kf1 Be8 38. Bf2 Qc7 39. Rg3 Nf8 40. Qe1 Rd7 41. Qe2 Qd8 42. Bxc6 Rd1+ 43. Kg2 Bxc6+ 44. Nf3 Rd2 45. Qe1 Qd3 46. Qe3 Qxe3 0-1

[Event "GER-ch U12"]
[Site "Willingen"]
[Date "2008.05.14"]
[Round "7"]
[White "Pfadenhauer, Johannes"]
[Black "Puehrer, Anne"]
[Result "1-0"]
[WhiteElo "1654"]
[BlackElo "1369"]
[PlyCount "55"]
[EventDate "2008.05.11"]
[EventType "swiss"]
[EventRounds "11"]
[EventCountry "GER"]
[SourceTitle "CBM 124 Extra"]
[Source "ChessBase"]
[SourceDate "2008.07.03"]
[SourceVersion "1"]
[SourceVersionDate "2008.07.03"]
[SourceQuality "1"]

1. e4 c5 2. Nf3 d6 3. d4 cxd4 4. Nxd4 Nf6 5. Nc3 g6 6. Bc4 Bg7 7. 0-0 0-0 8. Re1 Nc6 9. Bb3 Bd7 10. Bg5 a6 11. Qd2 b5 12. a3 Re8 13. Rad1 Qc7 14. Nd5 Nxd5 15. Nxc6 Bxc6 16. exd5 Bb7 17. c3 a5 18. Re4 a4 19. Ba2 Rac8 20. Rde1 e6 21. dxe6 f6 22. Bxf6 Bxe4 23. e7+ Kh8 24. Bxg7+ Kxg7 25. Qd4+ Kh6 26. Rxe4 g5 27. Qf6+ Kh5 28. Bf7# 1-0

[Event "GER-ch U12"]
[Site "Willingen"]
[Date "2008.05.12"]
[Round "4"]
[White "Falter, Lennart"]
[Black "Puehrer, Anne"]
[Result "1-0"]
[WhiteElo "1587"]
[BlackElo "1369"]
[PlyCount "87"]
[EventDate "2008.05.11"]
[EventType "swiss"]
[EventRounds "11"]
[EventCountry "GER"]
[SourceTitle "CBM 124 Extra"]
[Source "ChessBase"]
[SourceDate "2008.07.03"]
[SourceVersion "1"]
[SourceVersionDate "2008.07.03"]
[SourceQuality "1"]

1. e4 c5 2. f4 Nc6 3. Nf3 d6 4. Nc3 g6 5. d3 Bg7 6. Be2 e6 7. Bd2 Nge7 8. 0-0 0-0 9. g4 Qd7 10. a4 f5 11. h3 b6 12. exf5 exf5 13. g5 Bb7 14. Qe1 Nd4 15. Nxd4 Bxd4+ 16. Kh2 Qc6 17. Bf3 Qd7 18. Bxb7 Qxb7 19. Qe6+ Kh8 20. Qxd6 Rfe8 21. Rae1 Qc6 22. Qxc6 Nxc6 23. b3 a6 24. Nd5 Red8 25. Nxb6 Rab8 26. Nc4 Nb4 27. Bxb4 cxb4 28. Re6 Ra8 29. Rfe1 Bc5 30. Rc6 Bd4 31. Ree6 a5 32. Kg3 Rd7 33. Rcd6 Rad8 34. Rxd7 Rxd7 35. Nxa5 Rc7 36. Nc4 Kg7 37. Kf3 Kf7 38. Ra6 Bc5 39. Ne5+ Kg7 40. Rc6 Rxc6 41. Nxc6 Kf7 42. d4 Bd6 43. a5 Ke8 44. a6 1-0

[Event "GER-ch U12"]
[Site "Willingen"]
[Date "2008.05.11"]
[Round "1"]
[White "Puehrer, Anne"]
[Black "Ruehrmund, Daniel"]
[Result "0-1"]
[WhiteElo "1369"]
[BlackElo "1823"]
[PlyCount "132"]
[EventDate "2008.05.11"]
[EventType "swiss"]
[EventRounds "11"]
[EventCountry "GER"]
[SourceTitle "CBM 124 Extra"]
[Source "ChessBase"]
[SourceDate "2008.07.03"]
[SourceVersion "1"]
[SourceVersionDate "2008.07.03"]
[SourceQuality "1"]

1. e4 c5 2. Nc3 Nc6 3. g3 g6 4. Bg2 Bg7 5. d3 e6 6. f4 Nge7 7. Nf3 d6 8. 0-0 0-0 9. Be3 Nd4 10. Qd2 f5 11. Rfe1 Nec6 12. Bf2 Rb8 13. Rab1 b5 14. Nd1 b4 15. Ne3 a5 16. Nc4 Nxf3+ 17. Bxf3 Nd4 18. Bg2 Bb7 19. c3 Nb5 20. e5 Bxg2 21. Kxg2 d5 22. Ne3 d4 23. cxd4 Nxd4 24. Rbc1 Qc7 25. Qd1 Qb7+ 26. Kf1 Nf3 27. Re2 Nxh2+ 28. Ke1 Nf3+ 29. Kf1 Nd4 30. Rd2 b3 31. a3 Qh1+ 32. Bg1 Qf3+ 33. Qxf3 Nxf3 34. Rf2 Nxg1 35. Kxg1 Rfd8 36. Rd2 Bf8 37. Kf2 Rd4 38. Nc4 a4 39. Nd6 Bxd6 40. exd6 Rxd6 41. Rxc5 Rbd8 42. Ke3 h6 43. Ra5 Rd4 44. Ra6 Kf7 45. Ke2 Kf6 46. Rd1 R8d6 47. Ra5 g5 48. Ke3 gxf4+ 49. gxf4 h5 50. Ra8 e5 51. fxe5+ Kxe5 52. Rh8 f4+ 53. Ke2 f3+ 54. Kxf3 Rxd3+ 55. Rxd3 Rxd3+ 56. Ke2 Rh3 57. Kf2 Rh2+ 58. Kg3 Rxb2 59. Rxh5+ Kd4 60. Rh4+ Kc3 61. Rxa4 Ra2 62. Ra8 Kb2 63. a4 Ka1 64. a5 b2 65. Rb8 b1Q 66. Rxb1+ Kxb1 0-1

[Event "Sachsen-ch U12 Girls"]
[Site "Sebnitz"]
[Date "2007.04.14"]
[Round "7"]
[White "Puehrer, Anne"]
[Black "Kaden, Romy"]
[Result "0-1"]
[WhiteElo "920"]
[BlackElo "1109"]
[PlyCount "120"]
[EventDate "2007.04.10"]
[EventType "swiss"]
[EventRounds "7"]
[EventCountry "GER"]
[SourceTitle "EXT 2008"]
[Source "ChessBase"]
[SourceDate "2007.11.25"]
[SourceVersion "1"]
[SourceVersionDate "2007.11.25"]
[SourceQuality "1"]

1. e4 c5 2. Nf3 d6 3. d4 cxd4 4. Nxd4 e6 5. Nc3 Nf6 6. Be3 Be7 7. Qd2 0-0 8. 0-0-0 a6 9. f3 b5 10. Kb1 Bb7 11. Nce2 Nbd7 12. Ng3 d5 13. exd5 Bxd5 14. Be2 b4 15. c3 bxc3 16. Qxc3 Rc8 17. Qd2 Bc4 18. Rc1 Bxe2 19. Ngxe2 Nd5 20. Rxc8 Qxc8 21. Rc1 Qb7 22. Nc6 Bf6 23. Bd4 Rc8 24. Bxf6 N7xf6 25. Ned4 Kf8 26. Na5 Rxc1+ 27. Qxc1 Qc7 28. Qxc7 Nxc7 29. Kc2 Ke7 30. Kc3 Kd6 31. Kc4 Nfd5 32. Nb7+ Ke5 33. Nc6+ Kf4 34. Kc5 Ke3 35. Kc4 Kf2 36. Nc5 Kxg2 37. Nb8 Kxf3 38. Nbxa6 Nxa6 39. Nxa6 f5 40. b4 f4 41. Kc5 Ke2 42. b5 f3 43. b6 Nxb6 44. Kxb6 f2 45. a4 f1Q 46. a5 Qb1+ 47. Kc6 e5 48. Nc5 e4 49. a6 Qb8 50. Nxe4 Qa8+ 51. Kb6 Qxe4 52. a7 Qa8 53. h4 Kf3 54. Ka6 Ke4 55. Kb6 Kd5 56. Ka6 Kc6 57. Ka5 Qxa7+ 58. Kb4 Qd4+ 59. Kb3 Qxh4 60. Ka3 g5 0-1